00471nam a2200193 a 4500001001300000003000900013005001700022008004100039020000800080082001700088100002000105245001900125260004300144300000900187500003500196505001000231650001600241700002000257nice12345678IN_TiNIC20260116012007.0050524s1953 dela grp 000 0 urd  ac300a891.41bMAL1 aMalsiyani, Arsh aChang-O-Aahang aDelhibMarkaz-E-Tasneef-O-Taleefc1953 a240p aincludes index and biblioraphy2 aIndex aUrdu-Poetry1 aMalsiyani, Arsh